00352nam a2200145Ia 4500003000400000005001700004008004100021020001500062040002900077100001500106245003800121260002600159260000900185546001200194OSt20240301115655.0170619s9999 xx 000 0 und d a9971511630 cIIMT ENGINEERING COLLEGE aBuffa- E S 0aProduction / Operation Management bNew York : john Wiely c2003 aENGLISH